Elements of electrical machine design

Gespeichert in:
Bibliographische Detailangaben
Hauptverfasser: Still, Alfred (VerfasserIn), Siskind, Charles Seymour (VerfasserIn)
Format: Buch
Sprache:Englisch
Veröffentlicht: Nueva York McGraw-Hill 1954
Ausgabe:3a. ed
Schlagworte:
Tags: Tag hinzufügen
Keine Tags, Fügen Sie den ersten Tag hinzu!

MARC

LEADER 00000nam a2200000 a 4500
001 UCU4219
003 CL-VaPUC
008 960517e19540000US |||||||||||||||||eng|d
082 0 4 |a 621.313  |b STI  |2 21 
100 0 |a Still, Alfred  |e author  |9 361732 
700 0 |a Siskind, Charles Seymour  |e author  |9 361733 
245 1 0 |a Elements of electrical machine design 
250 |a 3a. ed 
300 |a 445 p 
942 |c BK 
945 |d 19960517 00:00:00  |a lriquelm 
260 |a Nueva York  |b McGraw-Hill  |c 1954 
650 0 |a Motores eléctricos   |9 260085 
650 0 |a Maquinaria  |9 260482 
650 7 |a TECNOLOGIA ELECTRICA  |2 CL-VaPUC  |9 336952 
650 7 |a GENERADORES ROTATORIOS  |2 CL-VaPUC  |9 361734 
650 0 |a Transformadores  |9 345471 
650 7 |a GENERADORES ELECTRICOS  |2 CL-VaPUC  |9 361735 
583 |a last modification  |c 19960517 00:00:00  |k Rodrigo Vera 
999 |c 248014  |d 248012